000 00321nam a22001337a 4500
020 _a978-8177584165
041 _aENG
100 _aGroover.M.P
245 _aCAD/CAM Computer-AidedDesign And Manufacturing
260 _aDelhi
_bPrentice Hall Of India
_c2003
300 _a487
650 _aComputer
856 _uComputer
999 _c729
_d729